Computer security

Spremljeno u:
Bibliografski detalji
Glavni autor: Gollmann, Dieter
Format: Knjiga
Izdano: Wiley
Oznake: Dodaj oznaku
Bez oznaka, Budi prvi tko označuje ovaj zapis!

MARC

LEADER 00000nam a2200000Ia 4500
005 20260515061617.0
100 |a Gollmann, Dieter. 
020 |a 9780470741153 
942 |c BK 
245 |a Computer security  
260 |b Wiley 
999 |c 54  |d 54 
952 |0 0  |1 0  |4 0  |7 0  |a ABDN  |b ABDN  |d 2026-05-15  |l 0  |p 000036  |r 2026-05-15 06:16:17  |w 2026-05-15  |y BK